[Event "FIDE World Cup"]
[Site "Khanty-Mansiysk"]
[Date "2005.12.03"]
[Round "3.1"]
[White "Aronian, Levon"]
[Black "Areshchenko, Alexander"]
[Result "1-0"]
[WhiteElo "2724"]
[BlackElo "2653"]
[Annotator "Postny,E"]
[PlyCount "91"]
[EventDate "2005.11.27"]
[EventType "k.o."]
[EventRounds "7"]
[EventCountry "RUS"]
[SourceTitle "CBM 111"]
[Source "ChessBase"]
[SourceDate "2006.04.04"]
[SourceVersion "1"]
[SourceVersionDate "2006.04.04"]
[SourceQuality "1"]

1. Nf3 Nf6 2. c4 g6 3. g3 Bg7 4. Bg2 d5 (4... O-O 5. d4 d6 {leads to the
King's Indian defence.}) 5. cxd5 Nxd5 6. Nc3 Nb6 7. d3 Nc6 8. Be3 O-O 9. Qd2 {
Another option is 9.Qc1, keeping the d2 square available for a knight transfer.
} (9. Qc1 e5 10. Bh6 Re8 11. Bxg7 Kxg7 12. O-O a5 13. b3 Nd4 14. Re1 c6 15. Qb2
f6 16. Nd2 Nd5 $11 {1-0 Gurevich,M (2694)-Ye Jiangchuan (2671)/Cannes 2001/CBM
082 (48)}) 9... e5 (9... Re8 $6 10. Bh6 Bh8 11. h4 Bg4 12. h5 $1 $36 {1/2-1/2
Serper,G (2420)-Shmuter,L/Pula 1990/EXT 2000 (42)}) 10. h4 {Aronian does not
hurry with castling, while trying to harass black's kingside at the first
place.} (10. Bh6 Nd4 11. Bxg7 Nxf3+ 12. Bxf3 Kxg7 13. h4 h6 14. b4 c6 15. Qb2
Qd4 $11 {1/2-1/2 Ribli,Z (2625)-Pribyl,J (2405)/Germany 1989/GER-chT (31)})
10... h5 11. Bg5 $146 {Provoking some concession on black's kingside.} (11. Ng5
Nd4 12. Nge4 c6 13. Qd1 Qe7 14. Bg5 f6 15. Bd2 Bg4 16. O-O Rad8 $11 {1/2-1/2
Bukal,V (2400)-Leko,P (2255)/Dortmund 1991/CBM 022 ext (37)}) 11... f6 {
Black should play this ugly-looking move, as there is no really good square to
put the queen.} 12. Be3 Be6 ({Another possible continuation is:} 12... Bg4 13.
O-O Nd4 14. Bxd4 exd4 15. Nb5 Bxf3 16. Bxf3 c6 17. Na3 f5 $11) 13. Ne4 {
[%cal Ge4c5]} Bd5 14. O-O Bxe4 $6 {This decision is quite controversial. Black
exchanges his good bishop, but spoiles white's pawn structure. In my opinion,
black should refrain from this exchange, since the light squares in his camp
will become vulnerable, while his pawns majority on the queenside won't give
black any real benefits.} (14... Nc4 $2 15. Nxf6+ $1 Qxf6 16. dxc4 Bxc4 17. Qc2
$16) (14... Ne7 {[%cal Ge7f5] was playable.}) 15. dxe4 Qxd2 16. Bxd2 $1 (16.
Nxd2 Kh7 {[%cal Gg7h6] If black manages to exchange his passive bishop, his
position won't be worse.}) 16... Nc4 17. Rfc1 (17. Bc3 Nd6 {[%cal Gd6b5,Gd6e4]}
18. Nd2 Nb5 19. Rfc1 Rfd8 20. Nb3 {is similar to the continuation in the game.}
) 17... Nxd2 (17... Nxb2 $4 18. Rab1 $18 {[%cal Gb1b7]}) (17... Nd6 18. Ne1 $14
{[%cal Ge1d3,Gd3c5]}) 18. Nxd2 Rfd8 (18... Bh6 $6 19. e3) 19. Nb3 Bf8 20. Bh3
$6 {It was possible to play 20.e3 immediatly transfering the bishop to a
better pastures. The move in the text is a waste of tempo.} (20. e3 $142 {
[%cal Gg2f1]}) 20... Kf7 21. e3 a5 {Areshchenko is striving for active
counterplay, but probably he overestimated his chances a bit.} ({Possible was} 
21... Bd6 22. Bf1 Ne7 {keeping solid position.}) 22. Bf1 (22. a4 $2 {[%csl Rb4]
would have been strategically bad.}) 22... a4 23. Nc5 Bxc5 24. Rxc5 Rd2 25. Rb5
(25. Rd5 $2 Rxb2 26. Rd7+ Ke8 27. Rxc7 Rd8 $15 {[%cal Gd8d2]}) 25... Nd8 (25...
Ra7 26. Rd5 Rxb2 27. Rd7+ Ne7 28. Rxc7 $14) 26. Rd5 $1 Rxd5 {Black is forced
to exchange white's active rook, even if it repairs white's pawn structure.} (
26... Rxb2 $2 27. Rd7+ Ke8 28. Rh7 $1 {[%cal Oh7c7,Ga1d1,Gd1d7]} (28. Rxc7 $2
Ne6 29. Rh7 Rc8 30. Bh3 (30. Rd1 Rc7 $1 $15) 30... Rc6 31. Rd1 Nf8 32. Bd7+
Nxd7 33. Rdxd7 Rc1+ 34. Kg2 Rcc2 $11) 28... Rc2 (28... b5 29. Rd1 Nf7 30. Bh3
Rd8 31. Rc1 c5 32. Rxc5 Rd1+ 33. Kg2 Rdd2 34. Rc8+ Nd8 35. Rcc7 Rxf2+ 36. Kg1
$18) 29. Rh8+ (29. Rd1 $2 Nf7 30. Bh3 Rd8 31. Rxd8+ Nxd8 32. Bd7+ Kf8 33. Bxa4
Rxa2 34. Rh8+ Kg7 35. Rxd8 Rxa4 36. Rd7+ Kh6 37. Rxc7 $11) 29... Ke7 30. Rd1 g5
(30... Rxa2 31. Bh3 $18) 31. hxg5 fxg5 32. Rd5 (32. Rxh5 $6 Nf7) 32... Rxa2 33.
Rxe5+ Kf6 34. Ree8 $18) 27. exd5 {[%csl Rd8]} a3 (27... Ke7 $6 28. Bd3 f5 (
28... g5 29. Bg6 $16 {[%csl Rh5]}) 29. e4 $16) 28. bxa3 Rxa3 29. Rc1 c6 30.
dxc6 Nxc6 $2 {Surprisingly enough, but this is probably the decisive mistake.}
({It was necessary to recapture with the pawn:} 30... bxc6 {Black's knight
remains passive on d8 for a while, but black will be able to consolidate his
forces soon. For example:} 31. Bc4+ Ke7 32. Bb3 Ra5 {followed by c6-c5,
Nd8-f7-d6 and black is only slightly worse.}) 31. Rb1 {[%csl Rb7] Now black is
forced to put his rook or knight into a total passivity.} Na5 $6 (31... Ra7 32.
Bc4+ Ke7 33. Bd5 {Black is nearly in zugzwang. Still, this seems to me better
than the move in the text.}) 32. Bg2 Kg7 33. Bd5 $18 {[%csl Ra5,Gd5] A classic
example of a bishop's domination over a knight.} f5 34. e4 $1 {Breaking
black's pawn chain on the kingside.} fxe4 35. Bxe4 Ra4 (35... Rxa2 36. Rb6 Re2
37. Bxg6 Nc4 38. Re6 $18) 36. Bd5 (36. f3 $6 Rxa2 37. Rb6 Nc4 38. Rxg6+ Kf7 39.
Rg5 (39. Rh6 Ne3 40. Bxb7 Rg2+ 41. Kh1 Rxg3 42. Rxh5 $14) 39... b5 {and black
might survive.}) 36... Rd4 37. Bg2 $1 {Aronian is playing for a maximum.} (37.
Bxb7 $2 Nxb7 38. Rxb7+ Kf6 {would be selling position short for white.}) 37...
Rd2 $6 ({It was better for black to keep the e4 square under control by} 37...
Ra4 {.} {Still, after} 38. Rb2 {followed by Bg2-d5, f2-f3 and Bd5-e4 gives
white good winning chances.}) 38. a3 Rd3 39. Be4 $1 Rxa3 (39... Rd4 40. f3 {
followed by 41.Rb6 should win for white.}) 40. Rb6 $18 {[%csl Rg6]} Ra4 41.
Rxg6+ Kf7 42. Bf5 b5 (42... Nc6 43. Rg5 Nd4 44. Rxh5 b5 (44... Nxf5 45. Rxf5+
Ke6 46. Rf8 $18) 45. Kg2 b4 46. Be4 $18) 43. Rb6 Ra1+ $2 {After this check
black is not able to protect his Pb5.} ({Black's last practical chance is
connected with the passed "b" pawn:} 43... b4 44. Bg6+ Kg7 45. Bxh5 b3) 44. Kg2
Nc4 45. Rxb5 Ra2 46. Bd3 {[%mdl 4096]} 1-0

[Event "EU-chT (Men) 13th"]
[Site "Leon"]
[Date "2001.11.07"]
[Round "2.2"]
[White "Stohl, Igor"]
[Black "Sutovsky, Emil"]
[Result "1/2-1/2"]
[WhiteElo "2534"]
[BlackElo "2664"]
[Annotator "Postny,E"]
[PlyCount "73"]
[EventDate "2001.11.06"]
[EventType "team-swiss"]
[EventRounds "9"]
[EventCountry "ESP"]
[SourceTitle "CBM 086"]
[Source "ChessBase"]
[SourceDate "2002.02.05"]
[SourceVersion "1"]
[SourceVersionDate "2002.02.05"]
[SourceQuality "1"]
[WhiteTeam "Slovakia"]
[BlackTeam "Israel"]
[WhiteTeamCountry "SVK"]
[BlackTeamCountry "ISR"]

1. Nf3 Nf6 2. c4 g6 3. g3 Bg7 4. Bg2 d5 5. cxd5 Nxd5 6. O-O Nb6 7. Nc3 c5 {
Usually black plays in this position 7...0-0 and then 8...Nc6 and 9...e5.} 8.
d3 O-O 9. Be3 c4 $6 $146 {A dubious idea.} (9... Na6 10. Qd2 Be6 11. Bh6 Qd7
12. Qf4 f6 13. Bxg7 Kxg7 14. d4 cxd4 15. Rfd1 Rad8 16. Rxd4 Qc8 17. Rc1 Bf7 18.
Nb5 Rxd4 19. Nbxd4 Qd7 20. Qd2 Rd8 21. Nb3 Nc4 22. Qc3 Nb6 $11 {1-0
Nikolaevsky,Y-Abakarov,J/Kiev 1970/EXT 2001 (45)}) 10. d4 $14 {Now white has
more space in the centre.} Nc6 11. Qd2 Bg4 12. Rad1 Qc8 $6 (12... Qd7 $6 {
wasn't better} 13. d5 Bxf3 14. Bxf3 Ne5 15. Bg2 Ng4 16. Bd4 $16) ({In case of} 
12... e6 $6 13. Ne1 {[%csl Rg4] is an unpleasant move for black.}) ({Probably
the best option for black is:} 12... Bxf3 13. Bxf3 e6 14. Bxc6 bxc6 15. Bh6 $14
) 13. d5 Ne5 ({After} 13... Nb4 14. Bh6 {white has strong initiative.}) 14.
Nxe5 Bxe5 15. Bd4 {After the exchange of black's dark-squared B black's K will
feel unsafe.} Bxd4 16. Qxd4 Bh3 (16... Rd8 17. a4 $1 {[%cal Ga4a5]} Nxa4 $5 18.
Nxa4 Bxe2 19. Rde1 Bxf1 20. Bxf1 b5 21. Nc3 $16) 17. e4 Bxg2 18. Kxg2 {White's
total control over the centre makes his position clearly better.} f6 {[%cal
Ge7e5]} 19. f4 Nd7 20. e5 fxe5 (20... Qc5 $6 21. e6 Qxd4 22. Rxd4 Nb6 23. a4 a5
24. f5 {and it's hard to believe, that black can hold this position.}) 21. fxe5
Qc5 22. Qg4 $1 Nb6 (22... Nxe5 $2 {was losing to} 23. Qe6+ Nf7 24. Ne4 {
[%csl Rf7][%cal Ge4g5]} Qb6 25. Qxe7 Qxb2+ 26. Rf2 {following by 27.Rdf1.}) 23.
Qe6+ Kh8 24. d6 exd6 25. exd6 Qc6+ {Black's only chance is to "hunt" his
opponent king.} 26. Kh3 (26. Nd5 $2 Rae8 27. Rxf8+ Rxf8 28. Qe5+ Kg8 29. Kg1
Qc5+ 30. Rd4 Nxd5 31. Qxd5+ Qxd5 32. Rxd5 Kf7 $11) 26... Rae8 27. Rxf8+ Rxf8
28. Qe5+ Kg8 29. Ne4 Qd7+ (29... Nd7 $2 30. Qe6+ Kh8 31. Ng5 $18) 30. Kg2 Qg4
31. Re1 Qf3+ 32. Kg1 Qf5 33. Qd4 $2 {White dissipates most of his advantage
after this "logical and obvious" move. After the less obvious but stronger
exchange 33.Qf5 white would get a big, possibly winning advantage in the
endgame.For many chessplayers this moment becomes a psychological obstacle.
They find it very difficult to exchange queens in "an attacking position".} (
33. Qxf5 Rxf5 34. g4 $1 Rf4 35. Kg2 $1 (35. g5 $6 Nd7 36. Nf6+ Nxf6 37. gxf6
Rd4 $11) 35... Nd7 36. Kg3 Rf8 37. Ng5 h6 38. Re7 Nc5 39. Ne6 Nxe6 (39... Ne4+
40. Kg2 Rf2+ 41. Kg1 $18) 40. Rxe6 Kf7 (40... Kg7 41. Re7+ Rf7 42. d7 $18) 41.
Re7+ Kf6 42. Rxb7 Rd8 43. d7 $18) 33... Qe6 34. Re2 (34. Rf1 Rxf1+ 35. Kxf1 Nd7
$14) 34... Nd7 35. Nc3 Qf7 36. Re1 $6 {Allows black to force a draw on the
spot.} (36. Qd5 Nb6 37. Qxf7+ Rxf7 38. Ne4 {still keeping some pressure in the
endgame.}) {[%tqu "En","How can black force a draw?","","","d7e5","",5]} 36...
Ne5 $1 {[%csl Rf3][%mdl 256]} 37. Qxe5 (37. Qxe5 Qf2+ 38. Kh1 Qf3+ $11) 1/2-1/2

[Event "Pinamar Masters 1st"]
[Site "Pinamar"]
[Date "2001.03.10"]
[Round "3"]
[White "Giardelli, Sergio Carlos"]
[Black "Roselli Mailhe, Bernardo"]
[Result "1-0"]
[WhiteElo "2438"]
[BlackElo "2400"]
[Annotator "Postny,E"]
[PlyCount "69"]
[EventDate "2001.03.08"]
[EventType "tourn"]
[EventRounds "11"]
[EventCountry "ARG"]
[EventCategory "8"]
[SourceTitle "CBM 082"]
[Source "ChessBase"]
[SourceDate "2001.05.17"]
[SourceVersion "1"]
[SourceVersionDate "2001.05.17"]
[SourceQuality "1"]

1. c4 Nf6 2. g3 g6 3. Bg2 Bg7 4. Nc3 O-O 5. b4 $5 {White wants to get space on
the queenside, before finishing his kingside development.} d6 6. Rb1 e5 7. d3
Nc6 ({Other possible plan:} 7... h6 8. Nf3 Be6 9. O-O Qc8 10. Re1 Bh3 11. Bh1
Re8 12. Nd2 Nbd7 13. a4 c6 14. Ba3 Qc7 15. a5 a6 16. Nb3 h5 17. b5 axb5 18.
cxb5 Be6 19. Qd2 Bxb3 20. b6 Qb8 21. Rxb3 Rxa5 22. Ne4 Ra6 23. Bxd6 Nxe4 24.
dxe4 Qc8 25. Reb1 $13 {1-0 Hertneck,G-Socko,B/Germany 1999/EXT 2000 (47)}) 8.
b5 Ne7 9. Qb3 (9. Nf3 a6 10. a4 axb5 11. axb5 h6 12. O-O Be6 13. Bb2 Qc8 14.
Ra1 Rb8 15. c5 Bh3 16. Qb3 Bxg2 17. Kxg2 Nd7 18. cxd6 cxd6 19. Ba3 Nc5 20. Qc4
$14 {1-0 Goldin,A-Tunik,G/Moscow 1994/CBM 45 ext (42)}) 9... Nd7 10. Ba3 $6
$146 {White is holding the knight on g1 for too long.} (10. Nf3 a6 11. a4 Nc5
12. Qc2 h6 13. O-O Be6 14. Nd2 axb5 15. axb5 c6 16. Nde4 Nxe4 17. Nxe4 f5 18.
Nc3 d5 19. bxc6 bxc6 20. cxd5 cxd5 21. Nb5 Qd7 22. Qc7 Rfb8 23. Ba3 Rxb5 24.
Qxd7 Bxd7 25. Bxe7 e4 26. Rxb5 Bxb5 27. Rb1 {1/2-1/2 Portisch,L-Spassky,B/
Tilburg 1980/MCD (27)}) 10... a6 {[%csl Ra2,Ga8][%cal Ga8a2] White cann't play
now 11.a4 like in the game Portisch-Spassky or Goldin-Tunik (10.Ba3?!); this
means, that white's pawn on a2 will be a weakness. Black's position is already
preferable.} 11. Nf3 axb5 12. Nxb5 Nc5 13. Bxc5 ({Doesn't look good for white
the following variant:} 13. Qc2 $6 c6 14. Bxc5 cxb5 15. Bb4 bxc4 16. dxc4 Nc6
17. Bc3 d5) 13... dxc5 14. O-O Bd7 15. Nc3 (15. Nd2 $5) 15... b6 16. Nd2 Nc6 {
[%csl Yd4,Yd5]} (16... Ra5 $142 $15 17. Nd5 $6 Ba4 18. Qc3 Nxd5 19. cxd5 e4 20.
Qc4 exd3 21. Qxd3 Bd7 $17 {[%csl Ra2,Gg7][%cal Yb6b5,Yc5c4]}) 17. e3 {[%csl
Yd4][%cal Ge3d4]} f5 ({Again} 17... Ra5 {was preferable.}) 18. Nd5 {[%csl Gd5]}
Rf7 19. Rfe1 $6 {Wasting time.It was the right moment to go into complications
by 19.f4.} (19. f4 $142 $13 {[%cal Gd2f3]}) 19... Ra7 20. a3 (20. f4 exf4 21.
gxf4 Ne7 $15 {[%csl Rb3][%cal Gd7a4]}) 20... Be8 21. Rb2 (21. f4 $2 Qa8 $17 {
[%csl Ra3]}) 21... Ne7 (21... e4 {was possible as well;} 22. Ra2 exd3 23. Qxd3
Ne5 $15) 22. Ra2 Nc8 {[%csl Yb6][%cal Yc8b6,Gc7c6]} 23. Qc2 Ba4 {Illogical
move.Bishop on a4 is doing nothing.} ({Why not to play} 23... c6 {and drive
away white knight from strong central square?} {After} 24. Nc3 {I evaluate
this position as =/+.}) 24. Qb1 Bc6 $6 {[%csl Rc6]} ({It was not late to come
back and drive out white knight from d5.} 24... Be8 {[%cal Yc7c6]}) 25. f4 (25.
Nxb6 $2 {doesn't work because of} Rb7 26. Bxc6 Rxb6 27. Bb5 c6) 25... Kh8 (
25... exf4 26. exf4 (26. gxf4 $2 Bb7 $1 {[%cal Gc7c6]} 27. Qc2 Rd7 $17 {
[%csl Rd3][%cal Gc7c6]}) 26... Ba8 $5 {[%cal Gc7c6]} 27. Nf3 c6 28. Ne3 {
with complicated position.}) 26. Nf3 Qd6 $2 (26... exf4 27. gxf4 Be8 28. Ng5 c6
29. Ne6 Qd6 30. Nxg7 Rxg7 31. Nc3 {with chances from both sides.}) 27. Kh1 $2 (
{White missed a chance to win a pawn:} 27. fxe5 Bxe5 28. Nxb6 $1 cxb6 29. Nxe5
Qxe5 30. Bxc6) 27... h6 $6 {[%csl Yg5]} (27... exf4) 28. e4 $1 $36 {Strong
breakthrough, probably underrated by black.} fxe4 (28... exf4 $142 29. e5 Qd8
30. Nxf4 Ne7) 29. dxe4 Qe6 (29... Bxd5 30. exd5 exf4 31. Re6 $40) 30. Qc1 Ra4
$6 {Ignoring completely white's ideas, however it's hard to give any good
advice.For instanse:} (30... exf4 31. Nxf4 $16) (30... Kh7 31. f5 $1 $16) (
30... Ne7 31. Nxe5 Bxe5 32. fxe5 $16) 31. Nxe5 Bxe5 32. fxe5 {[%csl Rh6]} Kg7
33. Qc3 {creating deadly threat...} b5 $2 {Final mistake.The only move was 33..
.Kg8 or 33...Kh7, though black's position is very bad.} {[%tqu "En","Find the
winning move for white.","","","g2h3","",8]} 34. Bh3 $1 {This decisive blow
was certainly overlooked by black.} Bxd5 (34... Qxh3 35. e6+ $18) 35. exd5 1-0

[Event "RUS-CHN Summit Juniors 2nd"]
[Site "Moscow"]
[Date "2004.08.14"]
[Round "4"]
[White "Zhou, Jianchao"]
[Black "Nepomniachtchi, Ian"]
[Result "1/2-1/2"]
[WhiteElo "2385"]
[BlackElo "2476"]
[Annotator "Postny,E"]
[PlyCount "109"]
[EventDate "2004.08.10"]
[EventType "schev"]
[EventRounds "6"]
[EventCountry "RUS"]
[SourceTitle "CBM 103"]
[Source "ChessBase"]
[SourceDate "2004.11.11"]
[SourceVersion "1"]
[SourceVersionDate "2004.11.11"]
[SourceQuality "1"]
[WhiteTeam "China"]
[BlackTeam "Russia"]
[WhiteTeamCountry "CHN"]
[BlackTeamCountry "RUS"]

1. c4 Nf6 2. Nc3 d5 3. cxd5 Nxd5 4. Nf3 g6 5. Qa4+ {A common way to avoid the
main lines of Gruenfeld defence, though white usually achieves only equality
in this line.} (5. e4 Nxc3 6. dxc3 (6. bxc3 Bg7 7. d4 {transposes to the main
Grunfeld - D85.}) 6... Qxd1+ 7. Kxd1 {--> 0-1 Bauer,C-Sutovsky,E/Leon 2001/CBM
86 [Postny,E] (79)}) (5. Qb3 Nb6 6. d4 {--> 1-0 Eljanov,P-Kovchan,A/Kharkov
2002/CBM 89 [Postny,E] (50)}) 5... Bd7 (5... Nc6 {--> 1-0 Sturua,
Z-Goloshchapov,A/Batumi 2002/CBM 90 [Postny,E] (51)}) 6. Qh4 Nxc3 7. dxc3 ({
Leads to more complicated game:} 7. Qd4 f6 8. Qxc3 {--> 1/2-1/2 Hillarp
Persson,T-McShane,L/Malmo 2003/CBM 95 [Postny,E] (50)}) 7... Nc6 8. e4 e5 9.
Bg5 Be7 10. Bc4 h6 ({A good way to equalize is:} 10... h5 11. Bxe7 Qxe7 12.
O-O-O Qxh4 13. Nxh4 Rf8 14. Rd2 Na5 15. Rhd1 O-O-O 16. Be2 {1/2-1/2 Onischuk,
A-Svidler,P/Poikovsky 2003/CBM 95 (16)}) 11. Bxe7 Qxe7 12. O-O-O {After the
exchange of queens the position will be completely equal, so white should
prefer to keep the queens on the board.} (12. Qg3 {--> 1-0 Ghaem Maghami,
E-Odeev,H/Calcutta 2001/CBM 85 [Postny,E] (47)}) 12... Qxh4 13. Nxh4 Rd8 14.
Nf3 $146 (14. Bd5 Ke7 15. Nf3 Kf6 16. Rd3 Be8 17. Rhd1 b6 18. b4 Nb8 19. Kb2
Bb5 20. R3d2 Ba4 21. Bb3 Rxd2+ 22. Nxd2 Bc6 23. f3 Rd8 24. a4 Ke7 25. Nc4 {
1/2-1/2 Kramnik,V-Yudasin,L/Wijk aan Zee 1994/CBM 39 (25)}) 14... Ke7 15. h3
Kf6 $1 {Defending the Pe5 with the king, black will be able to regroup his
knight.} 16. Bd5 b6 17. Rhe1 Ne7 18. Re3 {It was more natural to retreat with
the bishop, but white hopes that the rook on the third rank might be useful...}
Bb5 19. Nh2 {[%cal Gh2g4]} Kg7 20. Nf3 {Both sides does not have any concrete
plan. The position has strong drawish tendencies.} f6 21. c4 $5 {A bit risky
advance, but does not really change the evaluation of the position.} Bd7 {
[%csl Rd5][%cal Gc7c6]} 22. c5 Bb5 23. Ra3 $6 {This is already too optimistic.}
({Much safer would have been} 23. Be6 $11) 23... Nxd5 24. Rxd5 $6 {After this
exchange white gets in serious troubles.} ({The least of the evils for white
was} 24. exd5 a6 {[%csl Rd5][%cal Gd8d7,Gh8d8] Black has slight advantage,
since his bishop is better than the white knight and the Pd5 might be a target.
}) 24... Rxd5 25. exd5 a6 26. Rc3 Rd8 27. d6 {The only way to avoid a loss of
the pawn.} cxd6 28. cxb6 Kf7 ({Of course not} 28... Rb8 $4 29. Rc7+ Kf8 30. b7
$18 {[%csl Gb7]}) 29. b3 $1 Rb8 30. a4 (30. Rc7+ $2 Ke6 31. b7 d5 {and black's
pawns are rolling.}) 30... Bf1 {Black wins a pawn, but white's passed pawn
will be defended now , which certainly gives him counterchances.} 31. a5 {
[%csl Ga5,Gb6]} Bxg2 32. Ne1 Bb7 33. Nd3 Rc8 $2 {The exchange of rooks spoiles
black's winning chances.} (33... Ke6 34. b4 f5 $1 35. b5 axb5 36. Nb4 f4 37. a6
Bxa6 38. Nxa6 Rxb6 39. Nc7+ Kf5 40. Nd5 Rb7 {and with 4 pawns for the knight
black keeps good winning chances.}) 34. Rxc8 Bxc8 35. b4 Ke6 (35... e4 36. Nf4
g5 37. Nd5 h5 38. b5 axb5 39. Nc7 Ke7 (39... g4 40. hxg4 h4 41. a6 Bxa6 42.
Nxa6 {Both white's and black's pawns queens, but white has an extra piece...})
40. a6 Kd7 41. a7 Bb7 42. a8=Q Bxa8 43. Nxa8 Kc6 44. Nc7 Kxb6 45. Nd5+ Kc5 46.
Nxf6 $11) 36. b5 $1 axb5 37. Nb4 {Black will have to sacrifice his bishop for
white's connected passed pawns.} Kd7 38. a6 Bxa6 39. Nxa6 Kc6 40. Nb4+ Kxb6 41.
Nd5+ Kc5 42. Nxf6 {This endgame is drawish.} Kd4 43. h4 h5 44. Kc2 e4 45. Nd7
$1 {[%cal Gd7f8]} Kd5 46. Nf8 g5 47. hxg5 Ke5 48. Kc3 d5 49. Ng6+ Kf5 50. Ne7+
Kxg5 51. Nxd5 {Great work by white's knight!} h4 52. Ne3 Kf4 (52... h3 53. Nf1
Kf4 54. Nh2 e3 55. fxe3+ Kg3 56. e4 (56. Nf1+ $2 Kg2 $19 {The Pe3 obstructs
the knight.}) 56... Kxh2 57. e5 Kg3 58. e6 h2 59. e7 h1=Q 60. e8=Q $11) 53.
Ng2+ Kg4 54. Nxh4 Kxh4 55. Kd4 1/2-1/2